La hermenéutica del sujeto : curso en el College de France 1981-1982 /
সংরক্ষণ করুন:
| প্রধান লেখক: | |
|---|---|
| অন্যান্য লেখক: | , , , |
| বিন্যাস: | অজ্ঞাত |
| ভাষা: | Spanish |
| প্রকাশিত: |
México :
Fondo de Cultura Económica,
2001.
|
| সংস্করন: | 1. edición |
| মালা: | (Sección de obras de sociología. Filosofía)
|
| বিষয়গুলি: | |
| ট্যাগগুলো: |
ট্যাগ যুক্ত করুন
কোনো ট্যাগ নেই, প্রথমজন হিসাবে ট্যাগ করুন!
|
MARC
| LEADER | 000000000a22000000004500 | ||
|---|---|---|---|
| 001 | 006564 | ||
| 008 | 171108b xxu||||| |||| 00| 0 spa d | ||
| 020 | |a 9789505574957 | ||
| 041 | 0 | |a spa | |
| 082 | 0 | 4 | |a 126 |b F726h2 |
| 100 | 1 | |a Foucault, Michel, |d 1926-1984 | |
| 245 | 1 | 3 | |a La hermenéutica del sujeto : |b curso en el College de France 1981-1982 / |c Michel Foucault ; Frédéric Gross, editor ; Francois Ewald, director ; Alessandro Fontana, director ; Oracio Pons, traductor. |
| 250 | |a 1. edición | ||
| 260 | 1 | |a México : |b Fondo de Cultura Económica, |c 2001. | |
| 300 | |a 539 páginas | ||
| 490 | 1 | |a (Sección de obras de sociología. Filosofía) | |
| 650 | 4 | |a FILOSOFIA ANTIGUA | |
| 650 | 4 | |a HISTORIA | |
| 650 | 4 | |a EL YO | |
| 700 | 1 | |a Gross, Frédéric, |e editor | |
| 700 | 1 | |a Ewald, Francois, |e director | |
| 700 | 1 | |a Fontana, Alessandro, |e director | |
| 700 | 1 | |a Pons, Oracio, |e traductor | |
| 942 | |c BK |2 ddc | ||
| 999 | |c 12062 |d 12062 | ||



